| 000 | 00495nam a2200157Ia 4500 | ||
|---|---|---|---|
| 008 | 160316s2008 xxu||||| |||| 00| 0 eng d | ||
| 082 |
_a341.552000 _bLOW |
||
| 100 | _aLowe Vaughan | ||
| 245 | _aFifty years of the international court of justice : Essays in honour of Robert Jennings | ||
| 250 | _a | ||
| 260 |
_aCambridge _bCambridge University Press _c2008 |
||
| 300 |
_a640p _b _cxxix |
||
| 365 | _bRs. 3,719 | ||
| 650 | _a1. International Court of Justice | ||
| 700 |
_aFitzmaurice MaLgosia _a |
||
| 999 |
_c27614 _d27614 |
||